Sandhu Menswear Company Ltd v Woolworths plc (Record no. 77294)

MARC details
000 -LEADER
fixed length control field 01364cab a2200205 4500
001 - CONTROL NUMBER
control field ##L133968
008 - FIXED-LENGTH DATA ELEMENTS--GENERAL INFORMATION
fixed length control field 060626n2006 000 0 eng u
035 ## - SYSTEM CONTROL NUMBER
System control number (Sirsi) u133968
041 0# - LANGUAGE CODE
Language code of text/sound track or separate title eng
245 00 - TITLE STATEMENT
Title Sandhu Menswear Company Ltd v Woolworths plc
260 ## - PUBLICATION, DISTRIBUTION, ETC.
Date of publication, distribution, etc. 2006
520 ## - SUMMARY, ETC.
Summary, etc. [2006] EWHC 1299 (TCC), 5 June 2006. Concerns an action for damages brought by S regarding an arson attack outside a warehousing unit shared by S and W. Arsonists set fire to combustible waste left outside by W in breach of its lease; the fire damaged the contents of S's unit. S claimed a breach of duty on the part of W. "Held": W were liable in damages to S. The estate had a history of vandalism, so the likelihood of an arson attack was foreseeable, and W failed to comply with its own fire safety policy. W knew of the risk of leaving inflammable waste outside overnight and owed S a duty of care as established in "Smith v Littlewoods" (HL, Abs37446).
590 ## - LOCAL NOTE (RLIN)
Local note IKA040706 NTK
650 24 - SUBJECT ADDED ENTRY--TOPICAL TERM
Topical term or geographic name entry element SANDHU MENSWEAR COMPANY LTD V WOOLWORTHS PLC
650 24 - SUBJECT ADDED ENTRY--TOPICAL TERM
Topical term or geographic name entry element SMITH V LITTLEWOODS ORGANISATION LTD
651 #4 - SUBJECT ADDED ENTRY--GEOGRAPHIC NAME
Geographic name England and Wales
Chronological subdivision 1543-
690 ## - LOCAL SUBJECT ADDED ENTRY--TOPICAL TERM (OCLC, RLIN)
Topical term or geographic name as entry element PROPERTY-INDUSTRIAL PROPERTY-DISTRIBUTION CENTRE PROPERTY-DISTRIBUTION CENTRES
856 40 - ELECTRONIC LOCATION AND ACCESS
Uniform Resource Identifier <a href="https://www.bailii.org/ew/cases/EWHC/TCC/2006/1299.html">https://www.bailii.org/ew/cases/EWHC/TCC/2006/1299.html</a>
Public note View the judgment free of charge at www.bailii.org...
942 ## - ADDED ENTRY ELEMENTS (KOHA)
Suppress in OPAC 0
Holdings
Withdrawn status Lost status Source of classification or shelving scheme Damaged status Not for loan Home library Current library Shelving location Date acquired Total Checkouts Full call number Barcode Date last seen Copy number Price effective from Koha item type
    Dewey Decimal Classification     Virtual Virtual Online 26/06/2006   ONLINE PUBLICATION 133968-1001 06/08/2019 1 06/08/2019 Law report